<?xml version='1.0' encoding='UTF-8'?><?xml-stylesheet href='static/style.xsl' type='text/xsl'?><OAI-PMH xmlns="http://www.openarchives.org/OAI/2.0/" xmlns:xsi="http://www.w3.org/2001/XMLSchema-instance" xsi:schemaLocation="http://www.openarchives.org/OAI/2.0/ http://www.openarchives.org/OAI/2.0/OAI-PMH.xsd"><responseDate>2026-04-30T16:39:51Z</responseDate><request verb="GetRecord" identifier="oai:ebiltegia.mondragon.edu:20.500.11984/4516" metadataPrefix="marc">https://ebiltegia.mondragon.edu/oai/request</request><GetRecord><record><header><identifier>oai:ebiltegia.mondragon.edu:20.500.11984/4516</identifier><datestamp>2024-01-04T21:56:58Z</datestamp><setSpec>com_20.500.11984_1736</setSpec><setSpec>com_20.500.11984_1627</setSpec><setSpec>col_20.500.11984_1972</setSpec></header><metadata><record xmlns="http://www.loc.gov/MARC21/slim" xmlns:dcterms="http://purl.org/dc/terms/" xmlns:xsi="http://www.w3.org/2001/XMLSchema-instance" xmlns:doc="http://www.lyncode.com/xoai" xsi:schemaLocation="http://www.loc.gov/MARC21/slim http://www.loc.gov/standards/marcxml/schema/MARC21slim.xsd">
   <leader>00925njm 22002777a 4500</leader>
   <datafield ind2=" " ind1=" " tag="042">
      <subfield code="a">dc</subfield>
   </datafield>
   <datafield ind2=" " ind1=" " tag="720">
      <subfield code="a">Mondragon Unibertsitatea</subfield>
      <subfield code="e">author</subfield>
   </datafield>
   <datafield ind2=" " ind1=" " tag="260">
      <subfield code="c">2016-01-25</subfield>
   </datafield>
   <datafield ind2=" " ind1=" " tag="520">
      <subfield code="a">Otsailaren 15era arte egongo da irekita izena emateko epea "Berrekin, berregin" formazio programan. "Berrekin, berregin" egitasmoaren helburua da sustatzea Debagoieneko gazteen artean ekintzailetasun soziala eta komunitarioa. Aurtengo izango da proiektuaren bigarren edizioa, eta iazkoa bezala, Bergarako Udalak eta MONDRAGON UNIBERTSITATEko Lanki ikertegiak antolatu dute; aurten, gainera, Olatu Koop., Bagara eta Gipuzkoako Foru Aldundiaren laguntzarekin.</subfield>
   </datafield>
   <datafield ind2=" " ind1=" " tag="520">
      <subfield code="a">Hasta el 15 de febrero estará abierta la inscripción para la segunda edición de "Berrekin, berregin", el programa formativo sobre emprendimiento social y comunitario dirigido a jóvenes impulsado por el grupo de investigación Lanki de MONDRAGON UNIBERTSITATEA y el Ayuntamiento de Bergara. En esta edición los organizadores contarán con la colaboración de Olatu Koop., Bagara y la Diputación Foral de Gipuzkoa.</subfield>
   </datafield>
   <datafield ind1="8" ind2=" " tag="024">
      <subfield code="a">https://hdl.handle.net/20.500.11984/4516</subfield>
   </datafield>
   <datafield tag="653" ind2=" " ind1=" ">
      <subfield code="a">Humanitate eta Hezkuntza Zientzien Fakultatea</subfield>
   </datafield>
   <datafield ind2="0" ind1="0" tag="245">
      <subfield code="a">Aurkeztu dute gazteen ekintzailetasun soziala sustatzea helburu duen 'Berrekin, berregin' formazio programaren bigarren edizioa</subfield>
   </datafield>
   <datafield ind2="0" ind1="0" tag="245">
      <subfield code="a">Presentada la segunda edición de "Berrekin, berregin", el programa formativo sobre emprendimiento social y comunitario dirigido a los jóvenes</subfield>
   </datafield>
</record></metadata></record></GetRecord></OAI-PMH>